Pays des clubs de football - Statistiques

Statistiques générales
  • Ce quiz a été pris 343 fois
  • Le résultat moyen est 16 sur 20
Statistiques - réponses
Question Réponse % Correct
FC Bayern Munich Allemagne
100%
Liverpool FC Angleterre
100%
Stade Brestois 29 France
100%
Real Madrid CF Espagne
99%
AS Rome Italie
99%
Club América Mexique
92%
RB Salzbourg Autriche
87%
CR Flamengo Brésil
87%
Sydney FC Australie
86%
NY Cosmos États-Unis
86%
KAA La Gantoise Belgique
85%
CA Boca Juniors Argentine
82%
Cork City FC Irlande
80%
Kayserispor Turquie
77%
AZ Alkmaar Pays-Bas
73%
FC Bohemians Praha 1905 République Tchèque
72%
HNK Hajduk Split Croatie
65%
FC Noah Arménie
58%
FC Sheriff Tiraspol Moldavie
57%
AEK Larnaca Chypre
29%
Aucun quiz correspondant
Distribution des résultats
% des personnes avec chaque résultat
Percentile par nombre de réponses
Votre historique - résultats
Vous n’avez pas pris ce quiz